Gaming Quiz

Random Gaming Quiz
Score 0/116 Timer 09:00
0 Plays Today
Champion Title % Correct
AmumuThe Sad Mummy
55.9%
RivenThe Exile
52.5%
Miss FortuneThe Bounty Hunter
50.8%
SorakaThe Starchild
50.8%
TeemoThe Swift Scout
50.8%
EzrealThe Prodigal Explorer
49.2%
AsheThe Frost Archer
47.5%
AnnieThe Dark Child
47.5%
LeBlancThe Deceiver
47.5%
Lee SinThe Blind Monk
47.5%
RammusThe Armordillo
47.5%
KatarinaThe Sinister Blade
45.8%
SingedThe Mad Chemist
45.8%
SwainThe Master Tactician
45.8%
VayneThe Night Hunter
45.8%
AhriThe Nine-Tailed Fox
44.1%
CaitlynThe Sheriff of Piltover
44.1%
JayceThe Defender of Tomorrow
44.1%
OlafThe Berserker
44.1%
TryndamereThe Barbarian King
44.1%
WukongThe Monkey King
44.1%
YorickThe Gravedigger
44.1%
JinxThe Loose Cannon
42.9%
BlitzcrankThe Great Steam Golem
42.4%
Cho'GathThe Terror of the Void
42.4%
GarenThe Might of Demacia
42.4%
KarthusThe Deathsinger
42.4%
MordekaiserThe Master of Metal
42.4%
SionThe Undead Champion
42.4%
TaricThe Gem Knight
42.4%
KarmaThe Enlightened One
40.7%
MaokaiThe Twisted Treant
40.7%
TwitchThe Plague Rat
40.7%
ZileanThe Chronokeeper
40.7%
CassiopeiaThe Serpent's Embrace
39%
DravenThe Glorious Executioner
39%
EvelynnThe Widowmaker
39%
FizzThe Tidal Trickster
39%
KayleThe Judicator
39%
Champion Title % Correct
NasusThe Curator of the Sands
39%
ZacThe Secret Weapon
38.1%
FiddlesticksThe Harbinger of Doom
37.3%
IreliaThe Will of the Blades
37.3%
Jarvan IVThe Exemplar of Demacia
37.3%
MalphiteShard of the Monolith
37.3%
NocturneThe Eternal Nightmare
37.3%
PantheonThe Artisan of War
37.3%
RenektonThe Butcher of the Sands
37.3%
RyzeThe Rogue Mage
37.3%
ShacoThe Demon Jester
37.3%
ShenThe Eye of Twilight
37.3%
SivirThe Battle Mistress
37.3%
TrundleThe Cursed Troll
37.3%
ZiggsThe Hexplosives Expert
37.3%
NunuThe Yeti Rider
37.3%
CorkiThe Daring Bombardier
35.6%
GravesThe Outlaw
35.6%
KassadinThe Void Walker
35.6%
VeigarThe Tiny Master of Evil
35.6%
AlistarThe Minotaur
33.9%
DariusThe Hand of Noxus
33.9%
LuluThe Fae Sorceress
33.9%
MalzaharThe Prophet of the Void
33.9%
Master YiThe Wuju Bladesman
33.9%
ShyvanaThe Half-Dragon
33.9%
Twisted FateThe Card Master
33.9%
WarwickThe Blood Hunter
33.9%
EliseThe Spider Queen
33.3%
LissandraThe Ice Witch
33.3%
ThreshThe Chain Warden
33.3%
BrandThe Burning Vengeance
32.2%
Dr. MundoThe Madman of Zaun
32.2%
GangplankThe Saltwater Scourge
32.2%
JaxGrandmaster at Arms
32.2%
LuxThe Lady of Luminosity
32.2%
UdyrThe Animal Spirit
32.2%
VladimirThe Crimson Reaper
32.2%
VolibearThe Thunder's Roar
32.2%
Champion Title % Correct
RengarThe Pridestalker
30.8%
AniviaThe Cryophoenix
30.5%
FioraThe Grand Duelist
30.5%
GragasThe Rabble Rouser
30.5%
TristanaThe Megling Gunner
30.5%
HeimerdingerThe Revered Inventor
28.8%
NidaleeThe Bestial Huntress
28.8%
SkarnerThe Crystal Vanguard
28.8%
VarusThe Arrow of Retribution
28.8%
AatroxThe Darkin Blade
28.6%
ViThe Piltover Enforcer
28.6%
ZedThe Master of Shadows
28.6%
NamiThe Tidecaller
28.6%
AkaliThe Fist of Shadow
27.1%
KennenThe Heart of the Tempest
27.1%
SejuaniThe Winter's Wrath
27.1%
SonaMaven of the Strings
27.1%
XerathThe Magus Ascendant
27.1%
Xin ZhaoThe Seneschal of Demacia
27.1%
GalioThe Sentinel's Sorrow
25.4%
RumbleThe Mechanized Menace
25.4%
DianaScorn of the Moon
25%
LeonaThe Radiant Dawn
23.7%
MorganaFallen Angel
23.7%
NautilusThe Titan of the Depths
23.7%
PoppyThe Iron Ambassador
23.7%
TalonThe Blade's Shadow
22%
UrgotThe Headsman's Pride
22%
ViktorThe Machine Herald
22%
Kog'MawThe Mouth of the Abyss
20.3%
OriannaThe Lady of Clockwork
20.3%
QuinnDemacia's Wings
19%
SyndraThe Dark Sovereign
17.3%
ZyraRise of the Thorns
16.9%
HecarimThe Shadow of War
15.3%
JannaThe Storm's Fury
15.3%
Kha'ZixThe Voidreaver
14.3%
LucianThe Purifier
14.3%
Remove Ads.
Support Sporcle.
Get the best of Sporcle when you Go Orange. This ad-free experience offers more features, more stats, and more fun while also helping to support Sporcle. Thank you for becoming a member.

You're not logged in!

Compare scores with friends on all Sporcle quizzes.
OR
Log In

Show Comments

Extras

Created Jul 19, 2012SourceReportNominate
Tags:champion, League, legend

Top Quizzes Today


Score Distribution

Your Account Isn't Verified!

In order to create a playlist on Sporcle, you need to verify the email address you used during registration. Go to your Sporcle Settings to finish the process.

Report this User

Report this user for behavior that violates our Community Guidelines.

Details: